Trigometric Identities- x/2, 2x, a+b, a-b - Statistics

General Stats
  • This quiz has been taken 33 times
  • The average score is 8 of 16
Answer Stats
Hint Answer % Correct
cos(a+b) cosacosb-sinasinb
75%
cos(a-b) cosacosb+sinasinb
75%
sin(x/2) +-sqrt((1-cosx^2)/2)
75%
cos(x/2) +-sqrt((1+cosx^2)/2)
75%
sin(a+b) sinacosb+cosasinb
68%
sin(a-b) sinacosb-cosasinb
68%
sin2x 2sinxcosx
54%
tan(a+b) (tana+tanb)/(1-tanatanb)
46%
tan(a-b) (tana-tanb)/(1+tanatanb)
46%
cos2x cosx^2+sinx^2
36%
cos2x 1-2sinx^2
29%
tan(x/2) (1-cosx)/(sinx)
29%
cos2x 2cosx^2-1
29%
tan(x/2) (sinx)/(1+cosx)
29%
tan(x/2) +-sqrt((1-cosx)/(1+cosx))
29%
tan2x (2tanx)/(1-tanx^2)
21%
No matching quizzes found
Score Distribution
Percent of People with Each Score
Percentile by Number Answered
Your Score History
You have not taken this quiz